Kompetentný hovorca vo verejnej správe na Slovensku

Pojem hovorca. Úloha hovorcu. Kompetencie hovorcu. Výskum kompetencii hovorcu.

Salvato in:
Dettagli Bibliografici
Autore principale: Chudinová, Eva
Natura: Capitolo di libro
Lingua:slovacco
Soggetti:
Tags: Aggiungi Tag
Nessun Tag, puoi essere il primo ad aggiungerne!!

MARC

LEADER 00000naa a2200000 4500
001 0199830
005 20220726121027.8
041 0 |a slo 
044 |a SK 
245 1 0 |a Kompetentný hovorca vo verejnej správe na Slovensku  |c Eva Chudinová 
520 |a Pojem hovorca. Úloha hovorcu. Kompetencie hovorcu. Výskum kompetencii hovorcu. 
610 2 0 |a komunikácia masmediálna 
610 2 0 |a správa verejná 
610 2 0 |a Slovensko 
610 2 0 |a kompetencie 
100 1 |a Chudinová, Eva